000
00259nam a2200097Ia 4500
001
1228404
005
20250827093041.0
008
250824s9999 xx 000 0 und d
245
0
_a
CANIN SAĞOLSUN
_c
SERKAN ÖZEL
260
_b
DESTEK YAYINLARI
999
_c
1228404
_d
1228404